| 000 | 01697nam a2200313 a 4500 | ||
|---|---|---|---|
| 001 | 25445 | ||
| 003 | CO-ViMGA | ||
| 008 | 141112s2004 ck r 000 u spa d | ||
| 015 | _aNNN | ||
| 020 | _a9789587048018 | ||
| 040 |
_aCO-ViMGA _bspa _cCO-ViMGA |
||
| 041 | _aspa por | ||
| 043 | _as - po - - - | ||
| 082 | 0 | 4 | _a869.3 S17v |
| 100 | 1 |
_aSaramago, José 1922 - 2010 _92681 |
|
| 245 | 1 | 0 |
_aEl viaje del elefante / _cJosé Saramago ; traducción de Pilar del Río |
| 250 | _a1a ed. | ||
| 260 |
_aBogotá Distribuidora y Editora Aguilar, _cAltea, _cTaurus, _cAlfaguara ; Madrid, _cEspaña Santillana Ediciones Generales 2008 (impresión de 2009). |
||
| 300 | _a270 p. 21 cm. | ||
| 490 | _aPunto de lectura | ||
| 520 | _aA mediados del siglo XVI el rey Juan III ofrece a su primo, el archiduque Maximiliano de Austria, un elefante asiático. Esta novela cuenta el viaje épico de ese elefante llamado Salomón que tuvo que recorrer Europa por caprichos reales y absurdas estrategias. El viaje del elefante no es un libro histórico, es una combinación de hechos reales e inventados que nos hace sentir la realidad y la ficción como una unidad indisoluble, como algo propio de la gran literatura. Una reflexión sobre la humanidad en la que el humor y la ironía, marcas de la implacable lucidez del autor, se unen a la compasión con la que José Saramago observa las flaquezas humanas. | ||
| 541 | _35.000; 1 c. | ||
| 596 | _a2 | ||
| 650 | 1 | 4 |
_aNovela portuguesa _916966 |
| 700 | 1 |
_aRío, Pilar del 1950 - Tr. _938818 |
|
| 926 | _aB - GENERAL PRESTADO 869.3 S17J LITERATURA 5/8/2014 1 | ||
| 942 |
_2ddc _cBK |
||
| 999 |
_c33032 _d33032 |
||